000 nam a22 a 4500
999 _c476
_d476
003 AKMAL
005 20170504092732.0
008 170504s1997 my 00 may d
020 _a9837203021 (kkt.):
_cRM 22.50
040 _aAKMAL
_cAKMAL
041 1 _amay
_heng
049 0 0 _aklpmal
082 0 4 _a153.42 BON
090 0 0 _a153.42
_bBON
090 2 0 _a153.42
_bBON
100 1 _aDe Bono, Edward,
_d1933-
_91066
245 1 0 _aPemikiran lateral /
_cEdward De Bono
250 _aEdisi Malaysia
260 _aKuala Lumpur :
_bGolden Books Centre,
_c1997
300 0 0 _axxviii, 326ms. :
_bil. ;
_c20cm
500 _aTerjemahan dari: Lateral thinking
650 0 _aLateral thinking
_91073
650 0 _aThought and thinking
_9913
650 0 _aCreative thinking
_91035
942 _2ddc
_cBOOK